00271nam a2200121Ia 4500008004100000041000800041082000600049100001000055245004100065250000700106260002700113300000900140240830s1957 xx 000 0 und d aeng a1 aBEEWS aEDAN & HOLLANDS MANUAL OF OBSTETRICS a11 aAHMEDNAGARbN.D.c1957 a100p